Mineralogy 3rd/ (Record no. 565787)
[ view plain ]
| 000 -LEADER | |
|---|---|
| fixed length control field | 00371nam a2200133Ia 4500 |
| 008 - FIXED-LENGTH DATA ELEMENTS--GENERAL INFORMATION | |
| fixed length control field | 210430s9999 xx 000 0 und d |
| 020 ## - INTERNATIONAL STANDARD BOOK NUMBER | |
| International Standard Book Number | 9789332550421 | 9789332550421 |
| 082 ## - DEWEY DECIMAL CLASSIFICATION NUMBER | |
| Classification number | 549 P426M |
| 100 ## - MAIN ENTRY--PERSONAL NAME | |
| Personal name | Perkins, Dexter. |
| 9 (RLIN) | 2088 |
| 245 ## - TITLE STATEMENT | |
| Title | Mineralogy 3rd/ |
| Statement of responsibility, etc. | Perkins, Dexter. |
| 260 ## - PUBLICATION, DISTRIBUTION, ETC. | |
| Place of publication, distribution, etc. | Boston : |
| Name of publisher, distributor, etc. | Prentice Hall, |
| Date of publication, distribution, etc. | 2015 |
| 300 ## - PHYSICAL DESCRIPTION | |
| Extent | x, 494 p. : |
| 942 ## - ADDED ENTRY ELEMENTS (KOHA) | |
| Koha item type | Reference |
| Source of classification or shelving scheme | |
| Withdrawn status | Lost status | Damaged status | Not for loan | Permanent Location | Current Location | Shelving location | Date acquired | Total Checkouts | Full call number | Barcode | Date last seen | Price effective from | Koha item type |
|---|---|---|---|---|---|---|---|---|---|---|---|---|---|
| School of Chemical & Materials Engineering (SCME) | School of Chemical & Materials Engineering (SCME) | Reference | 11/16/8 | 549 P426M | SCME-4736 | 04/30/2021 | 04/30/2021 | Reference |
